[Event "Knighthood Blitz"]
[Site "Vishy Anand Arena"]
[Date "2020.08.01"]
[Round "7"]
[White "Dust Tornado"]
[Black "Diptayan"]
[Result "1-0"]
[WhiteElo "2787"]
[BlackElo "2467"]
[Annotator "TA"]
[PlyCount "49"]
[EventDate "2020.08.01"]
[EventType "swiss (blitz)"]

1. e4 c6 2. Nf3 d5 3. exd5 cxd5 4. Ne5 Qb6 5. d4 Nc6 6. c3 e6 7. Bd3 Bd6 8. f4 Nge7 9. Nd2 O-O 10. Ndf3 f6 11. Ng4 Qc7 12. O-O Bxf4 13. Bxf4 Qxf4 14. Nfe5 Qg5 15. Qf3 Nxe5 16. Nxe5 Nc6 17. Rae1 Nxe5 18. Rxe5 f5 19. c4 dxc4 20. Bxc4 Qd2 21. Rxf5 Qxd4+ 22. Kh1 Rxf5 23. Qxf5 Bd7 24. Qf7+ Kh8 25. Qf8+ 1-0

[Event "Knighthood Blitz"]
[Site "Vishy Anand Arena"]
[Date "2020.08.01"]
[Round "7"]
[White "EvilGenius"]
[Black "Pabh"]
[Result "1-0"]
[WhiteElo "2697"]
[BlackElo "2387"]
[Annotator "TA"]
[PlyCount "75"]
[EventDate "2020.08.01"]
[EventType "swiss (blitz)"]

1. Nf3 Nf6 2. c4 c5 3. Nc3 d5 4. cxd5 Nxd5 5. e3 Nxc3 6. bxc3 Nc6 7. d4 e6 8. Bd3 Be7 9. O-O O-O 10. Qc2 g6 11. Qe2 Bf6 12. Rd1 Qc7 13. Ba3 b6 14. Rac1 Bb7 15. Bb2 Rfd8 16. h4 Qe7 17. h5 e5 18. Bb5 exd4 19. cxd4 Nb4 20. a3 Nd5 21. dxc5 bxc5 22. Bc4 Rab8 23. Bxf6 Nxf6 24. hxg6 hxg6 25. Ng5 Bd5 26. Bxd5 Nxd5 27. Qg4 Kg7 28. Qg3 c4 29. Rd4 c3 30. Rh4 Rh8 31. Rxh8 Rxh8 32. e4 Nf6 33. Qxc3 Rh5 34. f4 Qd6 35. Qc5 Qd2 36. Rf1 Ng4 37. Qxa7 Ne3 38. Qxf7+ 1-0

[Event "Knighthood Blitz"]
[Site "Vishy Anand Arena"]
[Date "2020.08.01"]
[Round "7"]
[White "Oligarkh"]
[Black "Narayanansl"]
[Result "0-1"]
[WhiteElo "2680"]
[BlackElo "2638"]
[Annotator "TA"]
[PlyCount "168"]
[EventDate "2020.08.01"]
[EventType "swiss (blitz)"]

1. d4 Nf6 2. c4 e6 3. Nc3 Bb4 4. e3 O-O 5. Bd3 d5 6. cxd5 exd5 7. Nge2 Re8 8. Bd2 b6 9. Rc1 Bf8 10. O-O c5 11. Bb1 Bb7 12. f3 Nc6 13. Kh1 Rc8 14. Bf5 Rc7 15. Nb5 Rce7 16. Bb1 a6 17. Nbc3 cxd4 18. Nxd4 Nxd4 19. exd4 h6 20. Qb3 b5 21. a4 Qb6 22. axb5 Qxd4 23. Rcd1 Qb6 24. Bd3 d4 25. Na4 Qa7 26. b6 Qb8 27. Bc4 Rd7 28. Bb4 Bxb4 29. Qxb4 Rc8 30. b3 Qf4 31. Qd2 Qd6 32. Qf2 h5 33. Kg1 Rcd8 34. Rd2 Qb4 35. Rfd1 Bc6 36. Rxd4 Bxa4 37. bxa4 Qxc4 38. Rxc4 Rxd1+ 39. Qf1 Rxf1+ 40. Kxf1 Rd1+ 41. Kf2 Rb1 42. a5 Rb5 43. Rc7 Nd5 44. Ra7 Nxb6 45. axb6 Rxb6 46. h4 g6 47. Kg3 Kg7 48. Kf4 Rf6+ 49. Ke4 Re6+ 50. Kf4 Kf6 51. g4 Rb6 52. gxh5 gxh5 53. Kg3 Rc6 54. Kf4 Rc4+ 55. Kg3 Ra4 56. Rb7 Kg6 57. Rb6+ f6 58. Rc6 a5 59. Rc5 Ra1 60. Rb5 a4 61. Kf4 a3 62. Ra5 a2 63. Ra6 Kf7 64. Kf5 Rf1 65. Ra7+ Ke8 66. Rxa2 Rxf3+ 67. Kg6 Ke7 68. Kxh5 Rg3 69. Kh6 f5 70. h5 Kf6 71. Ra7 Ke5 72. Ra6 f4 73. Ra4 f3 74. Ra5+ Kf4 75. Ra3 f2 76. Ra4+ Kf5 77. Ra1 Rg1 78. Ra8 f1=Q 79. Rf8+ Ke6 80. Rxf1 Rxf1 81. Kg7 Rg1+ 82. Kh7 Kf7 83. h6 Rg6 84. Kh8 Rxh6# 0-1

[Event "Knighthood Blitz"]
[Site "Vishy Anand Arena"]
[Date "2020.08.01"]
[Round "7"]
[White "Lukiano"]
[Black "Mandrake"]
[Result "0-1"]
[WhiteElo "2581"]
[BlackElo "2154"]
[Annotator "TA"]
[PlyCount "82"]
[EventDate "2020.08.01"]
[EventType "swiss (blitz)"]

1. e4 c5 2. b3 Nf6 3. e5 Nd5 4. Nc3 Nc7 5. d4 cxd4 6. Qxd4 Nc6 7. Qe4 g6 8. Bb2 Bg7 9. Nf3 d5 10. exd6 Qxd6 11. Rd1 Qe6 12. Qxe6 Bxe6 13. Nb5 Nxb5 14. Bxg7 Rg8 15. Bxb5 Rxg7 16. Nd4 Bd7 17. Bxc6 bxc6 18. b4 a5 19. a3 axb4 20. axb4 e5 21. Nb3 Bf5 22. Kd2 Ra2 23. Rc1 f6 24. Kc3 Rd7 25. Rhe1 Kf7 26. Nc5 Rd5 27. Kb3 Ra8 28. Rcd1 Rad8 29. Rxd5 Rxd5 30. Kc3 g5 31. Nb3 Kg6 32. Na5 Bd7 33. Nc4 c5 34. Nb6 cxb4+ 35. Kc4 Rd4+ 36. Kc5 Bf5 37. Re2 Be4 38. f3 Bb7 39. Nc4 Rxc4+ 40. Kxc4 Ba6+ 41. Kxb4 Bxe2 0-1

[Event "Knighthood Blitz"]
[Site "Vishy Anand Arena"]
[Date "2020.08.01"]
[Round "7"]
[White "terryr"]
[Black "Rasulov Vugar"]
[Result "1-0"]
[WhiteElo "2560"]
[BlackElo "2477"]
[Annotator "TA"]
[PlyCount "157"]
[EventDate "2020.08.01"]
[EventType "swiss (blitz)"]

1. d4 Nf6 2. Nf3 d5 3. c4 e6 4. e3 Be7 5. b3 O-O 6. Bd3 b6 7. O-O Bb7 8. Bb2 Nbd7 9. Nbd2 c5 10. Rc1 Rc8 11. a3 Qc7 12. Qe2 Qb8 13. cxd5 Nxd5 14. Bb5 Rfd8 15. Rfd1 Qa8 16. dxc5 Nxc5 17. b4 Nd7 18. Rxc8 Qxc8 19. Rc1 Qb8 20. h3 Bf6 21. Nf1 h6 22. Nd4 Ne5 23. Ng3 Rc8 24. Qf1 Rxc1 25. Qxc1 a6 26. Be2 a5 27. b5 Ne7 28. Nh5 Qd6 29. Nxf6+ gxf6 30. Qc2 N7g6 31. f3 h5 32. Bf1 h4 33. Qc1 Bd5 34. e4 Bb7 35. Be2 Nd7 36. Bf1 Nc5 37. Qe3 Qf4 38. Bc1 Qg3 39. Qf2 Qd6 40. Be3 a4 41. Qd2 Nd7 42. Nc6 Qxd2 43. Bxd2 Nge5 44. Nd4 Nc5 45. Be1 Nb3 46. Nc2 Kg7 47. Bxh4 Nd7 48. Bf2 e5 49. Bc4 Na5 50. Be2 Kf8 51. Nb4 Nb3 52. Bd1 Nbc5 53. Na2 Nd3 54. Bxa4 N7c5 55. Bc2 Nxf2 56. Kxf2 Ke7 57. Nc3 Bc8 58. Ke3 Kf8 59. h4 Nd7 60. Na4 Kg7 61. Bb3 Bb7 62. Bd5 Bxd5 63. exd5 f5 64. g4 Kf6 65. Nb2 Nc5 66. Nc4 Nd7 67. g5+ Kg6 68. d6 Kh5 69. a4 Kxh4 70. a5 bxa5 71. Nxa5 Kxg5 72. Nc4 Kf6 73. b6 Ke6 74. b7 Nb8 75. Kd3 Kd5 76. f4 e4+ 77. Kc3 Kc5 78. Kb3 f6 79. Kc3 1-0

[Event "Knighthood Blitz"]
[Site "Vishy Anand Arena"]
[Date "2020.08.01"]
[Round "7"]
[White "nihalsarin"]
[Black "V-Bernadskiy"]
[Result "1/2-1/2"]
[WhiteElo "2536"]
[BlackElo "2551"]
[Annotator "TA"]
[PlyCount "118"]
[EventDate "2020.08.01"]
[EventType "swiss (blitz)"]

1. d4 Nf6 2. c4 g6 3. Nc3 Bg7 4. g3 O-O 5. Bg2 d6 6. Nf3 Bf5 7. Nh4 Bc8 8. Nf3 Bf5 9. O-O c6 10. Nh4 Be6 11. b3 d5 12. cxd5 Nxd5 13. Bb2 Na6 14. Nf3 Nxc3 15. Bxc3 Bd5 16. Qc2 Bxf3 17. Bxf3 Nc7 18. Rfd1 Nd5 19. Bb2 e6 20. e4 Nc7 21. Rac1 Qe7 22. Kg2 Rfd8 23. Rd3 Rd7 24. Rcd1 Rad8 25. h4 h5 26. Qb1 Nb5 27. d5 cxd5 28. exd5 Bxb2 29. Qxb2 exd5 30. Rxd5 Rxd5 31. Rxd5 Rxd5 32. Bxd5 b6 33. a4 Nd6 34. Qc2 Kg7 35. Qc3+ Qf6 36. Qc7 Qe5 37. Bf3 Qd4 38. a5 bxa5 39. Qxa5 Ne4 40. Bxe4 Qxe4+ 41. Kh2 Qd4 42. Kg2 Qe4+ 43. Kh2 Qd4 44. Qe1 a5 45. Kg1 Qb2 46. Qe3 a4 47. bxa4 Qa1+ 48. Kg2 Qxa4 49. Qf3 Qd4 50. Kg1 Qe5 51. Kg2 Qf6 52. Qe4 Qd6 53. Qf3 Qf6 54. Qe4 Qd6 55. Qf3 Qe5 56. Kg1 Kg8 57. Kg2 Kg7 58. Kg1 Qf6 59. Kg2 Qe5 1/2-1/2

[Event "Knighthood Blitz"]
[Site "Vishy Anand Arena"]
[Date "2020.08.01"]
[Round "7"]
[White "Chessworld1"]
[Black "Phoenix92"]
[Result "1-0"]
[WhiteElo "2512"]
[BlackElo "2486"]
[Annotator "NA"]
[PlyCount "71"]
[EventDate "2020.08.01"]
[EventType "swiss (blitz)"]

1. e4 c5 2. Nf3 Nc6 3. Bb5 e6 4. O-O Nge7 5. d4 cxd4 6. Nxd4 Ng6 7. Nb3 a6 8. Bd3 b5 9. Nc3 Bb7 10. Be3 Rc8 11. a3 Nce5 12. f4 Nxd3 13. cxd3 Be7 14. f5 Ne5 15. Bf4 Bf6 16. Qe2 h5 17. Kh1 Ng4 18. d4 Bg5 19. Qd2 Be7 20. d5 e5 21. d6 exf4 22. dxe7 Qxe7 23. Qxf4 O-O 24. Rad1 Rfe8 25. h3 Nf6 26. Rfe1 Rxc3 27. bxc3 Qxa3 28. Nd2 Qxc3 29. Kh2 Bc6 30. Rc1 Qd4 31. Nf3 Qd3 32. e5 Ne4 33. Re3 Qd5 34. f6 Re6 35. Rce1 b4 36. Rxe4 1-0

[Event "Knighthood Blitz"]
[Site "Vishy Anand Arena"]
[Date "2020.08.01"]
[Round "7"]
[White "DusanPopovic"]
[Black "Fidodido"]
[Result "0-1"]
[WhiteElo "2488"]
[BlackElo "2351"]
[Annotator "TA"]
[PlyCount "76"]
[EventDate "2020.08.01"]
[EventType "swiss (blitz)"]

1. e4 c5 2. Nf3 d6 3. Bb5+ Nd7 4. c3 Ngf6 5. Qe2 a6 6. Ba4 e6 7. O-O b5 8. Bc2 Bb7 9. d4 Be7 10. Nbd2 Qc7 11. Bd3 O-O 12. Re1 Rad8 13. Nf1 e5 14. d5 Rfe8 15. Ng3 c4 16. Bc2 Bf8 17. Nf5 Nc5 18. h3 Bc8 19. g4 Bxf5 20. gxf5 Rb8 21. Kh2 Rec8 22. Rg1 Kh8 23. Bg5 Be7 24. Rg2 Nh5 25. Be3 Nf4 26. Bxf4 exf4 27. Rag1 Bf6 28. Nd4 b4 29. Nc6 bxc3 30. Nxb8 Qxb8 31. bxc3 Qb2 32. e5 Bxe5 33. f3 Qxc3 34. Qf2 Bd4 35. Qh4 Bxg1+ 36. Kxg1 Nd3 37. f6 Qxf6 38. Qg4 Re8 0-1

[Event "Knighthood Blitz"]
[Site "Vishy Anand Arena"]
[Date "2020.08.01"]
[Round "7"]
[White "Alanp"]
[Black "FedoseevVladimir"]
[Result "1-0"]
[WhiteElo "2464"]
[BlackElo "2693"]
[Annotator "TA"]
[PlyCount "97"]
[EventDate "2020.08.01"]
[EventType "swiss (blitz)"]

1. e4 c5 2. Nf3 d6 3. d4 cxd4 4. Nxd4 Nf6 5. Nc3 a6 6. Bg5 Nbd7 7. Bc4 Qb6 8. Bb3 e6 9. Qd2 Be7 10. O-O-O Nc5 11. Rhe1 Bd7 12. Nf5 Nxb3+ 13. axb3 Qa5 14. Nxe7 Ng4 15. Kb1 Rd8 16. Ned5 exd5 17. exd5+ Kf8 18. Be7+ Kg8 19. Bxd8 Qxd8 20. h3 Ne5 21. f4 Ng6 22. g4 h5 23. f5 Ne5 24. Qf4 Qh4 25. Rxe5 dxe5 26. Qxe5 Qxh3 27. Qb8+ Kh7 28. Qxb7 Rd8 29. Qc7 Qh4 30. gxh5 Bxf5 31. Qxf7 Qf2 32. Ka2 Rc8 33. Rg1 Rg8 34. Rg5 Qxc2 35. Qxf5+ Qxf5 36. Rxf5 Rd8 37. Ne4 g6 38. hxg6+ Kxg6 39. Rf6+ Kg7 40. Rd6 Re8 41. Re6 Rb8 42. d6 Kf7 43. Re7+ Kf8 44. Nc5 Rb5 45. Ne6+ Kg8 46. d7 Ra5+ 47. Kb1 Rd5 48. d8=Q+ Rxd8 49. Nxd8 1-0

[Event "Knighthood Blitz"]
[Site "Vishy Anand Arena"]
[Date "2020.08.01"]
[Round "7"]
[White "Indian-Lion"]
[Black "kutiktau"]
[Result "0-1"]
[WhiteElo "2460"]
[BlackElo "2664"]
[Annotator "TA"]
[PlyCount "124"]
[EventDate "2020.08.01"]
[EventType "swiss (blitz)"]

1. Nf3 c5 2. c4 b6 3. Nc3 Bb7 4. g3 g6 5. Bg2 Bg7 6. O-O Nc6 7. e3 Nh6 8. d4 Nf5 9. d5 Na5 10. Nd2 Nd6 11. Qa4 O-O 12. Re1 Qc8 13. e4 Ba6 14. Bf1 Bxc3 15. bxc3 f6 16. Rb1 Qc7 17. f4 e5 18. dxe6 dxe6 19. e5 fxe5 20. Rxe5 Rad8 21. Rxe6 Qf7 22. Re1 Rfe8 23. Rxe8+ Rxe8 24. Nf3 Bxc4 25. Bb2 Bxa2 26. Ne5 Qb3 27. Qxb3+ Bxb3 28. Ra1 Nf7 29. Nf3 Bd5 30. Nd2 Nd6 31. c4 Bc6 32. Be5 Nf5 33. Bc3 Nd4 34. Bxa5 bxa5 35. Rxa5 Re1 36. Rxc5 Rd1 37. Kf2 Rxd2+ 38. Ke3 Rd1 39. Bd3 Ba4 40. Kxd4 Bc2 41. Rc8+ Kg7 42. Rc7+ Kh6 43. Kc3 Bxd3 44. Rxa7 Bf5 45. Ra2 Rc1+ 46. Kb4 Kh5 47. c5 Kg4 48. Rd2 h5 49. Rd6 Kh3 50. c6 Kxh2 51. g4 hxg4 52. Kb5 g3 53. Rd2+ g2 54. Kb6 Kh1 55. Rd1+ Rxd1 56. c7 Rb1+ 57. Ka7 Rc1 58. Ka8 g1=Q 59. Kb8 Rxc7 60. Ka8 Qc5 61. Kb8 Qb6+ 62. Ka8 Qa7# 0-1

[Event "Knighthood Blitz"]
[Site "Vishy Anand Arena"]
[Date "2020.08.01"]
[Round "7"]
[White "Gk06"]
[Black "Babysnake"]
[Result "0-1"]
[WhiteElo "2453"]
[BlackElo "2458"]
[Annotator "NA"]
[PlyCount "118"]
[EventDate "2020.08.01"]
[EventType "swiss (blitz)"]

1. d4 Nf6 2. c4 e6 3. Nf3 b6 4. g3 Ba6 5. Nbd2 Bb4 6. Qc2 Bb7 7. Bg2 O-O 8. O-O Bxd2 9. Bxd2 Be4 10. Qc1 d6 11. Ne1 Bxg2 12. Nxg2 Ne4 13. Bf4 f5 14. f3 Nf6 15. Bg5 h6 16. Bd2 Nc6 17. Bc3 e5 18. dxe5 dxe5 19. Qc2 g6 20. Rad1 Qe7 21. Ne3 Qc5 22. Kf2 Kh7 23. b4 Nxb4 24. Bxb4 Qxb4 25. Nd5 Nxd5 26. Rxd5 Rae8 27. Rb1 Qe7 28. Rbd1 Rf7 29. Qa4 a5 30. Rd7 Qc5+ 31. Kg2 Ree7 32. R7d5 Qe3 33. Kf1 f4 34. g4 e4 35. Qb3 exf3 36. exf3 a4 37. Qxe3 Rxe3 38. Kf2 Kg7 39. R5d4 g5 40. R1d2 Rfe7 41. c5 b5 42. c6 Kf7 43. Rb4 R3e5 44. Rdb2 R7e6 45. Rxb5 Rxb5 46. Rxb5 Rxc6 47. Ra5 Rc2+ 48. Kg1 Rxa2 49. Ra6 a3 50. h4 c5 51. hxg5 hxg5 52. Kf1 c4 53. Ke1 c3 54. Kd1 Rd2+ 55. Kc1 a2 56. Rf6+ Ke7 57. Re6+ Kd7 58. Re7+ Kc6 59. Re6+ Rd6 0-1

[Event "Knighthood Blitz"]
[Site "Vishy Anand Arena"]
[Date "2020.08.01"]
[Round "7"]
[White "STRANGE"]
[Black "Hitter1999"]
[Result "0-1"]
[WhiteElo "2432"]
[BlackElo "2423"]
[Annotator "NA"]
[PlyCount "156"]
[EventDate "2020.08.01"]
[EventType "swiss (blitz)"]

1. c4 Nf6 2. Nc3 e5 3. Nf3 Nc6 4. d3 d5 5. cxd5 Nxd5 6. e4 Nb6 7. Be3 Be7 8. Be2 O-O 9. O-O Be6 10. Rc1 f6 11. a3 Qd7 12. d4 exd4 13. Nxd4 Nxd4 14. Qxd4 Rfd8 15. Qxd7 Rxd7 16. Rfd1 c6 17. Rxd7 Nxd7 18. Rd1 Kf8 19. f4 Ke8 20. Kf2 Bc5 21. h3 Rd8 22. Bxc5 Nxc5 23. Rxd8+ Kxd8 24. Ke3 Ke7 25. g4 Bb3 26. Kd4 Ne6+ 27. Ke3 b5 28. Bd1 Bxd1 29. Nxd1 g5 30. f5 Nf4 31. Nf2 Kd6 32. b4 a6 33. Kd4 Ne2+ 34. Ke3 Nf4 35. Kd4 h6 36. Ke3 c5 37. e5+ Kxe5 38. bxc5 a5 39. c6 Nd5+ 40. Kd3 Kd6 41. Ne4+ Kxc6 42. Kd4 a4 43. Nd2 Nf4 44. Ne4 Nd5 45. Nd2 b4 46. axb4 Nxb4 47. Ne4 Nd5 48. Kc4 Nb6+ 49. Kb4 Nd7 50. Kxa4 Kd5 51. Ng3 Ke5 52. Nh5 Nc5+ 53. Kb5 Ne4 54. Kc4 Nf2 55. Kc3 Nxh3 56. Kd2 Nf2 57. Ke3 Nxg4+ 58. Kf3 Nh2+ 59. Kg3 Nf1+ 60. Kf2 Nd2 61. Ke3 Nc4+ 62. Kf3 Nd6 63. Ng3 Nxf5 64. Nf1 Nd4+ 65. Kg4 f5+ 66. Kh5 g4 67. Kxh6 f4 68. Kg5 g3 69. Nd2 g2 70. Nc4+ Ke4 71. Nd6+ Kd3 72. Kxf4 g1=Q 73. Ke5 Qh2+ 74. Kd5 Qh5+ 75. Nf5 Qxf5+ 76. Kd6 Qe6+ 77. Kc7 Qc6+ 78. Kb8 Qd7 0-1

[Event "Knighthood Blitz"]
[Site "Vishy Anand Arena"]
[Date "2020.08.01"]
[Round "7"]
[White "IndianKing97"]
[Black "Ambitious"]
[Result "0-1"]
[WhiteElo "2422"]
[BlackElo "2170"]
[Annotator "NA"]
[PlyCount "110"]
[EventDate "2020.08.01"]
[EventType "swiss (blitz)"]

1. c4 Nf6 2. g3 g6 3. Bg2 Bg7 4. Nc3 O-O 5. Nf3 d6 6. O-O Nc6 7. d3 Bg4 8. Rb1 Nd7 9. Qc2 Bxf3 10. exf3 Nd4 11. Qd1 e5 12. f4 exf4 13. Bxf4 Nc5 14. b4 Nce6 15. Be3 c6 16. Qd2 f5 17. f4 Qd7 18. Rfe1 Rfe8 19. b5 Nc5 20. bxc6 bxc6 21. Bf2 Rxe1+ 22. Rxe1 Re8 23. Rb1 Qc7 24. Re1 Rb8 25. Ne2 Rb2 26. Qd1 Nce6 27. Nxd4 Bxd4 28. Rxe6 Bxf2+ 29. Kh1 Qb6 30. Bf1 Rb1 31. Qe2 Re1 32. Re8+ Kg7 33. Re7+ Kh6 34. Qxe1 Bxe1 35. Rxe1 Qf2 36. Rb1 Qxa2 37. Rb7 Qf2 38. Rb1 a5 39. Bg2 c5 40. Bc6 Qc2 41. Ra1 Qxd3 42. Bd5 a4 43. Re1 a3 44. Bg8 a2 45. Kg2 Qb1 46. Re7 Qb2+ 47. Kh3 Qg7 48. Re1 a1=Q 49. Rxa1 Qxa1 50. Bd5 Qf1+ 51. Kh4 Qe2 52. Kh3 Qf1+ 53. Kh4 Kg7 54. h3 Qe1 55. Bf3 Qe7# 0-1

[Event "Knighthood Blitz"]
[Site "Vishy Anand Arena"]
[Date "2020.08.01"]
[Round "7"]
[White "Uzbektiger95"]
[Black "Maksim Chigaev"]
[Result "1-0"]
[WhiteElo "2418"]
[BlackElo "2587"]
[Annotator "NA"]
[PlyCount "197"]
[EventDate "2020.08.01"]
[EventType "swiss (blitz)"]

1. c4 g6 2. Nc3 Bg7 3. Nf3 Nf6 4. g3 O-O 5. Bg2 d5 6. cxd5 Nxd5 7. O-O Nc6 8. d4 e5 9. Bg5 Nxc3 10. bxc3 f6 11. Bc1 e4 12. Ne1 f5 13. Qb3+ Rf7 14. e3 Na5 15. Qa4 b6 16. f3 exf3 17. Nxf3 Bb7 18. c4 Qe8 19. Qc2 Qe4 20. Qd1 Qe7 21. Qc2 Kh8 22. Bd2 Be4 23. Qc1 Nb7 24. a4 a5 25. Bc3 Kg8 26. h4 Rff8 27. d5 Bxc3 28. Qxc3 Bxf3 29. Bxf3 Qd6 30. Kg2 Rae8 31. Rae1 Nc5 32. Qd4 Qe5 33. h5 g5 34. h6 g4 35. Bd1 Rf6 36. Bc2 Rxh6 37. Qxe5 Rxe5 38. Bxf5 Kg7 39. Bxg4 Rf6 40. Rxf6 Kxf6 41. Rf1+ Kg7 42. Kf3 Re4 43. Rd1 Rxc4 44. d6 cxd6 45. Rxd6 Rb4 46. Bf5 h6 47. e4 Nxa4 48. e5 Nc5 49. e6 Kf6 50. g4 Ke7 51. Rc6 a4 52. Rc7+ Kd6 53. e7 Rb3+ 54. Kf4 Rb4+ 55. Ke3 Rb3+ 56. Kd2 Kxc7 57. e8=Q a3 58. Qe7+ Kc6 59. Bd7+ Nxd7 60. Qe6+ Kc5 61. Qxb3 b5 62. Qxa3+ Kc6 63. Qc3+ Nc5 64. Qf6+ Kd5 65. Qxh6 Kc4 66. Kc2 b4 67. Qf4+ Kb5 68. Qf1+ Kb6 69. g5 b3+ 70. Kc3 Ka5 71. Qf5 Kb6 72. Qf6+ Kb5 73. Qe5 Kb6 74. Qf6+ Kb5 75. Qf1+ Kb6 76. g6 Ne4+ 77. Kd4 Nd2 78. Qf2 b2 79. Qxd2 b1=Q 80. Qe3 Qb4+ 81. Kd3+ Kb7 82. Ke2 Ka6 83. Qf3 Qb5+ 84. Qd3 Qxd3+ 85. Kxd3 Ka5 86. Ke4 Ka4 87. g7 Kb3 88. g8=Q+ Kb2 89. Qf8 Kc1 90. Qd8 Kc2 91. Qc8+ Kb1 92. Qd8 Ka2 93. Qd7 Kb3 94. Qb7+ Ka4 95. Kd5 Ka3 96. Qb6 Ka2 97. Kc5 Ka1 98. Kc4 Ka2 99. Qb4 1-0

[Event "Knighthood Blitz"]
[Site "Vishy Anand Arena"]
[Date "2020.08.01"]
[Round "7"]
[White "Irus1997"]
[Black "LAXMAN"]
[Result "0-1"]
[WhiteElo "2415"]
[BlackElo "2438"]
[Annotator "NA"]
[PlyCount "126"]
[EventDate "2020.08.01"]
[EventType "swiss (blitz)"]

1. e4 e5 2. Nf3 Nc6 3. Bb5 a6 4. Ba4 Nf6 5. d3 d6 6. c3 g6 7. O-O Bg7 8. Nbd2 O-O 9. Re1 b5 10. Bc2 Nb8 11. a4 Bb7 12. b4 Nbd7 13. Nb3 c6 14. Na5 Qc7 15. Bd2 Rae8 16. h3 Bc8 17. c4 bxc4 18. Nxc4 Nh5 19. Rc1 Nb6 20. Na5 Bd7 21. Bb3 Rc8 22. Be3 Na8 23. Qd2 Qb8 24. d4 Nf6 25. dxe5 Nxe4 26. Qd4 d5 27. Rc2 f6 28. Qxe4 Bf5 29. Qh4 Bxc2 30. Bxc2 fxe5 31. Ng5 h6 32. Ne6 d4 33. Bxh6 Qxb4 34. Bxg7 Qxe1+ 35. Kh2 Qxf2 36. Qh8+ Kf7 37. Bxf8 Kxe6 38. Bb3+ Kf5 39. Qh6 Qf4+ 40. Qxf4+ Kxf4 41. Bc2 Rxf8 42. Nc4 e4 43. g3+ Kf3 44. Nd2+ Ke3 45. Nxe4 d3 46. Bxd3 Kxd3 47. Nc5+ Kc4 48. Ne6 Rf2+ 49. Kg1 Ra2 50. h4 Rxa4 51. Nf4 Kd4 52. Kf2 Ke4 53. Nxg6 Ra2+ 54. Ke1 Kf3 55. h5 Rh2 56. Ne5+ Kxg3 57. Nxc6 Rxh5 58. Kd2 Rd5+ 59. Nd4 Rxd4+ 60. Kc3 Rd8 61. Kb4 Nc7 62. Ka5 Rb8 63. Ka4 Rb5 0-1

[Event "Knighthood Blitz"]
[Site "Vishy Anand Arena"]
[Date "2020.08.01"]
[Round "7"]
[White "CREATOR 1198"]
[Black "GM Abadi"]
[Result "0-1"]
[WhiteElo "2411"]
[BlackElo "2417"]
[Annotator "NA"]
[PlyCount "52"]
[EventDate "2020.08.01"]
[EventType "swiss (blitz)"]

1. d4 e6 2. c4 Nf6 3. Nc3 Bb4 4. Qc2 d5 5. cxd5 Qxd5 6. Nf3 Nc6 7. Bd2 Qh5 8. e4 O-O 9. Be2 Bxc3 10. bxc3 Qg6 11. Bd3 Qxg2 12. Ke2 Qh3 13. Rag1 e5 14. Rg3 Qh5 15. Rg5 Qh3 16. Rhg1 Bg4 17. Rg3 Bxf3+ 18. Rxf3 Qh6 19. Rgg3 Qh5 20. Rg5 Qh6 21. Rgf5 Qxh2 22. d5 Ne7 23. Rxe5 Qxe5 24. Bf4 Qh5 25. c4 Ng6 26. Be3 Ne5 0-1

[Event "Knighthood Blitz"]
[Site "Vishy Anand Arena"]
[Date "2020.08.01"]
[Round "7"]
[White "Samudragupta"]
[Black "NIKiler"]
[Result "0-1"]
[WhiteElo "2382"]
[BlackElo "2007"]
[Annotator "TA"]
[PlyCount "108"]
[EventDate "2020.08.01"]
[EventType "swiss (blitz)"]

1. d4 Nf6 2. Bf4 g6 3. e3 Bg7 4. Nf3 O-O 5. Be2 b6 6. O-O Bb7 7. h3 d6 8. a4 a6 9. Nbd2 Qc8 10. Bh2 Nbd7 11. c3 Re8 12. Bd3 e5 13. dxe5 dxe5 14. Bc4 h6 15. Qc2 e4 16. Nd4 Ne5 17. Be2 c5 18. N4b3 c4 19. Nd4 Nd3 20. b3 cxb3 21. Qxb3 Nd7 22. Nc4 Bd5 23. Bxd3 exd3 24. Nd6 Bxb3 25. Nxc8 Raxc8 26. Nxb3 Rxc3 27. Rab1 Nc5 28. Nc1 Nxa4 29. Rd1 Rd8 30. Rb4 b5 31. Ne2 Rc2 32. Nd4 Bxd4 33. exd4 d2 34. Bf4 Nb6 35. Bxh6 Nc4 36. Kf1 Rxd4 37. Ke2 Rd6 38. Rb3 Kh7 39. Be3 Re6 40. Kd3 Nxe3 41. fxe3 Rc5 42. Ke2 Rd5 43. Rxd2 Rxd2+ 44. Kxd2 Kg7 45. Kd3 Rd6+ 46. Kc3 Kf6 47. Kb4 Ke5 48. Kc5 Re6 49. Rb4 g5 50. g4 Kf6 51. e4 Ke5 52. Rd4 Kf4 53. Kd5 Re5+ 54. Kd6 Rxe4 0-1

[Event "Knighthood Blitz"]
[Site "Vishy Anand Arena"]
[Date "2020.08.01"]
[Round "7"]
[White "lnram"]
[Black "Fire_on_board"]
[Result "0-1"]
[WhiteElo "2382"]
[BlackElo "2079"]
[PlyCount "74"]
[EventDate "2020.08.01"]
[EventType "swiss (blitz)"]

1. e4 c5 2. Nf3 e6 3. d4 cxd4 4. Nxd4 Nf6 5. Nc3 Nc6 6. Nxc6 bxc6 7. Bd3 d5 8. exd5 cxd5 9. O-O Be7 10. b3 O-O 11. Bb2 a5 12. Qe2 Bb7 13. Rad1 Bc6 14. Nb5 a4 15. Nd4 Bd7 16. Nf3 axb3 17. axb3 Ra2 18. Bd4 Qc7 19. Ng5 h6 20. Bxf6 Bxf6 21. Nh7 Rfa8 22. Nxf6+ gxf6 23. Qh5 Qf4 24. h4 e5 25. g3 Bg4 26. gxf4 Bxh5 27. Rde1 e4 28. Be2 Bg6 29. h5 Bf5 30. Rc1 d4 31. Bc4 d3 32. cxd3 exd3 33. Rc3 d2 34. Be2 Ra1 35. Rg3+ Kf8 36. Bd1 Rc8 37. Re3 Rcc1 0-1

[Event "Knighthood Blitz"]
[Site "Vishy Anand Arena"]
[Date "2020.08.01"]
[Round "7"]
[White "Vignesh nr"]
[Black "Visakh"]
[Result "0-1"]
[WhiteElo "2372"]
[BlackElo "2486"]
[Annotator "TA"]
[PlyCount "59"]
[EventDate "2020.08.01"]
[EventType "swiss (blitz)"]

1. e4 c5 2. Nf3 d6 3. Bb5+ Bd7 4. Bxd7+ Qxd7 5. O-O g6 6. c4 Bg7 7. d4 Nc6 8. Be3 cxd4 9. Nxd4 Rc8 10. Nc3 Nf6 11. f3 O-O 12. Qe2 Nxe4 13. Nxe4 Nxd4 14. Qd3 d5 15. cxd5 Qxd5 16. Rad1 Rfd8 17. Qb1 Qc4 18. Rd2 f5 19. Nc3 b5 20. a3 a5 21. Rfd1 b4 22. axb4 axb4 23. Na2 e5 24. Bxd4 exd4 25. b3 Qc5 26. Rc1 Qb6 27. Rc4 Rxc4 28. bxc4 d3+ 29. Kf1 Qe3 30. Rf2 0-1

[Event "Knighthood Blitz"]
[Site "Vishy Anand Arena"]
[Date "2020.08.01"]
[Round "7"]
[White "MasteredUI"]
[Black "RACEKING"]
[Result "1/2-1/2"]
[WhiteElo "2360"]
[BlackElo "2370"]
[PlyCount "158"]
[EventDate "2020.08.01"]
[EventType "swiss (blitz)"]

1. d4 Nf6 2. c4 b6 3. Nc3 Bb7 4. Qc2 e6 5. e4 Bb4 6. e5 Ne4 7. Bd2 Nxd2 8. Qxd2 O-O 9. Nf3 d6 10. a3 Bxc3 11. Qxc3 c5 12. Be2 cxd4 13. Qxd4 Nc6 14. Qxd6 Qc8 15. Qd2 Rd8 16. Qe3 Ne7 17. O-O Nf5 18. Qc3 Qc5 19. b4 Qc7 20. Rfd1 Rxd1+ 21. Rxd1 Rc8 22. Rc1 h6 23. h3 Rd8 24. c5 Bxf3 25. Bxf3 Nd4 26. cxb6 Qxb6 27. Bd1 Qb5 28. Qe3 Qb6 29. Kh1 a5 30. bxa5 Qxa5 31. a4 Nf5 32. Qe4 Rd4 33. Qe2 Rd2 34. Qe1 Qd5 35. Bf3 Qd4 36. a5 Rxf2 37. a6 Ra2 38. Rd1 Qf4 39. Ra1 Ng3+ 40. Kh2 Ne4+ 41. Kg1 Rxa1 42. Qxa1 Qe3+ 43. Kh2 Qf4+ 44. Kg1 Qe3+ 45. Kh2 Nd2 46. a7 Qf4+ 47. Kh1 Kh7 48. a8=Q g5 49. Qe4+ Nxe4 50. Bxe4+ Qxe4 51. Qc1 Qf5 52. Qg1 Qg6 53. g3 Kg7 54. Qg2 g4 55. Kh2 gxh3 56. Qxh3 Qg5 57. Qg2 Kg6 58. g4 Qxe5+ 59. Kg1 Qg5 60. Qc2+ Kg7 61. Qg2 Qf6 62. Qg3 Qg6 63. Kg2 h5 64. Kh3 Qxg4+ 65. Kg2 Qxg3+ 66. Kxg3 Kg6 67. Kh3 e5 68. Kh4 f5 69. Kg3 Kg5 70. Kf3 e4+ 71. Kg3 f4+ 72. Kh3 e3 73. Kg2 e2 74. Kf2 h4 75. Ke1 h3 76. Kf2 Kg4 77. Kg1 f3 78. Kh1 h2 79. Kxh2 e1=Q 1/2-1/2

[Event "Knighthood Blitz"]
[Site "Vishy Anand Arena"]
[Date "2020.08.01"]
[Round "7"]
[White "Johncking"]
[Black "Gaurav306"]
[Result "1-0"]
[WhiteElo "2315"]
[BlackElo "1933"]
[Annotator "NA"]
[PlyCount "117"]
[EventDate "2020.08.01"]
[EventType "swiss (blitz)"]

1. e4 c5 2. Nf3 e6 3. d4 cxd4 4. Nxd4 a6 5. Nc3 Qc7 6. g3 b5 7. Bg2 Bb7 8. O-O d6 9. Re1 Nd7 10. a4 b4 11. Na2 Be7 12. Nxb4 Ngf6 13. Nd3 O-O 14. b3 Rfd8 15. Bb2 Nc5 16. f3 d5 17. e5 Nfd7 18. Qe2 Rac8 19. Rac1 Qb6 20. Kh1 Nxd3 21. Qxd3 Nc5 22. Qe3 Nxa4 23. Ba1 Nc5 24. h4 Nd7 25. h5 Nf8 26. Nf5 Bc5 27. Nd4 Ba3 28. Rcd1 a5 29. h6 g6 30. Nf5 Qxe3 31. Nxe3 Ba6 32. Bd4 Bb4 33. Rg1 Bc3 34. Bb6 Re8 35. Ng4 Nd7 36. Bd4 Bxd4 37. Rxd4 Rxc2 38. Ra1 Bc8 39. Rxa5 Re2 40. Ra7 Kf8 41. Rf4 Ke7 42. Nf6 Rxe5 43. Nxe8 Re1+ 44. Kh2 Kxe8 45. Ra8 Kd8 46. Rxf7 Ne5 47. Rf8+ Kc7 48. Raxc8+ Kd6 49. Rcd8+ Kc5 50. Rde8 Nd7 51. Rh8 Nb6 52. Rc8+ Kd4 53. Rcf8 Re2 54. Rf4+ Kc3 55. Rxh7 Kxb3 56. Rb7 d4 57. Rxb6+ Kc3 58. h7 d3 59. Rc6+ 1-0